Normal view
MARC view
Entry Personal Name
001 - CONTROL NUMBER
- control field: 779234
003 - CONTROL NUMBER IDENTIFIER
- control field: OSt
005 - DATE AND TIME OF LATEST TRANSACTION
- control field: 20250508164829.0
008 - FIXED-LENGTH DATA ELEMENTS
- fixed length control field: 250508|| aca||aabn | a|a d
040 ## - CATALOGING SOURCE
- Original cataloging agency: OSt
- Transcribing agency: OSt
100 ## - HEADING--PERSONAL NAME
- Personal name: Tomar Sandeep Kumar
670 ## - SOURCE DATA FOUND
- Source citation: Work cat.: (OSt)1391450: Tomar Sandeep Kumar, Samajik prashthbhumi ke paripreshya me sheshik chetna ka addhyan: Hindi sahitya ke sandarbh me, 2005
